Technological progress as a factor of labor market changes and social cohesion

Technologický rozvoj ako faktor rastúcej nerovnováhy príjmov a bohatstva v USA a Európskej únii.

Enregistré dans:
Détails bibliographiques
Auteur principal: Szüdi, Gábor
Format: Chapitre de livre
Langue:anglais
Sujets:
Tags: Ajouter un tag
Pas de tags, Soyez le premier à ajouter un tag!

MARC

LEADER 00000nla a2200000 4500
001 0181215
005 20240502073116.1
041 0 |a eng 
044 |a SK 
245 1 0 |a Technological progress as a factor of labor market changes and social cohesion  |c Gábor Szüdi 
520 |a Technologický rozvoj ako faktor rastúcej nerovnováhy príjmov a bohatstva v USA a Európskej únii. 
610 2 0 |a rozvoj technický 
610 2 0 |a nerovnosť 
610 2 0 |a príjmy 
610 2 0 |a blahobyt 
610 2 0 |a trh práce 
610 2 0 |a kohézia sociálna 
610 2 0 |a rast hospodársky 
100 1 |a Szüdi, Gábor